| 000 | 01011nam a2200253 a 4500 | ||
|---|---|---|---|
| 003 | AM-YEHGA | ||
| 001 | 1709579 | ||
| 005 | 20250617164811.0 | ||
| 008 | 201012s1962 ru a||||r|||||001|0|rus|| | ||
| 040 | _aAM-YeHGA | ||
| 041 | 0 | _arus | |
| 100 | 1 | _aКорытный, Давид Маркович | |
| 245 | 1 | 0 |
_aМеханизация и автоматизация работ на токарных станках _cД.М. Корытный. |
| 260 |
_aМосква : _bПрофтехиздат, _c1962. |
||
| 300 |
_a154 с. : _bил. ; _c21 см. |
||
| 504 | _aБиблиогр. в конце книги | ||
| 650 | 1 | 4 | _aТехника. Технические науки |
| 650 | 1 | 4 |
_aМашиностроение _xТехнология машиностроения |
| 650 | 1 | 4 | _aТокарное дело |
| 650 | 1 | 4 |
_aТокарные станки _xПриспособления |
| 650 | 1 | 4 |
_aТокарные работы _xАвтоматизация |
| 942 |
_2udc _cBK |
||
| 090 | _c568203 | ||
| 999 |
_c529718 _d529718 |
||